000 00510nam a2200181 i 4500
001 134990
003 ES-MaACL
005 20230906194802.0
007 t|
008 070705s1950 ve ||||1| spa d
080 _a86.0(87)-17"19"
100 1 _aTinoco, Juan.
_9110309
245 1 0 _aFolĂ­as
_b: (Breviario de descreidos) /
_cJuan Tinoco.
260 _aCaracas :
_bTip. Vargas,
_c1950.
300 _aX, 13-139 p. ;
_c21 cm.
852 _aES-MaACL
_jC-7806
_bR.36004
852 _aES-MaACL
_jD-5350
_bR.31336
999 _c134990
_d134990